[Event "Iasi op"]
[Site "Iasi"]
[Date "2014.05.14"]
[Round "5"]
[White "Aravindh, Chithambaram VR"]
[Black "Vermeulen, Wesley"]
[Result "1/2-1/2"]
[WhiteElo "2439"]
[BlackElo "2233"]
[PlyCount "173"]
[EventDate "2014.05.10"]
[EventType "swiss"]
[EventRounds "9"]
[EventCountry "ROU"]
[SourceTitle "CBM 160 Extra"]
[Source "ChessBase"]
[SourceDate "2014.07.01"]
[SourceVersion "1"]
[SourceVersionDate "2014.07.01"]
[SourceQuality "1"]

1. e4 c5 2. Nf3 d6 3. d4 cxd4 4. Nxd4 Nf6 5. Nc3 g6 6. Be2 Bg7 7. 0-0 0-0 8. Be3 Nc6 9. Nb3 Be6 10. f4 Rc8 11. Bf3 Qd7 12. Nd5 Ng4 13. Bxg4 Bxg4 14. Qd2 Bxb2 15. Rab1 Bg7 16. f5 gxf5 17. h3 f4 18. Nxf4 Be6 19. Nh5 Be5 20. Bh6 Kh8 21. Bxf8 Rxf8 22. Nf4 Rg8 23. Nxe6 Qxe6 24. Rf3 Qg6 25. Re1 Bf6 26. Kh1 Ne5 27. Rf5 Nc4 28. Qe2 Bc3 29. Rg1 Rc8 30. Qf2 Be5 31. Nc1 f6 32. Nd3 b6 33. a4 Na3 34. a5 Bg3 35. Qf3 Nxc2 36. Rc1 Qg8 37. axb6 axb6 38. Qg4 Qxg4 39. hxg4 Rc4 40. g5 Bh4 41. Nb2 Rc6 42. gxf6 Bxf6 43. Rb5 h6 44. Nd3 Bg5 45. Rf1 Rc4 46. Rxb6 Rxe4 47. g3 Re3 48. Rb8+ Kh7 49. Nf4 Rxg3 50. Ne6 Bf6 51. Rf8 Rh3+ 52. Kg2 Re3 53. Nf4 Re5 54. Rc1 Rf5 55. Rxc2 Rxf4 56. Rc7 Kg7 57. Rd8 Kg6 58. Rf8 Ra4 59. Kf3 h5 60. Rg8+ Kf5 61. Rf8 Ra3+ 62. Kg2 Ke6 63. Rc4 h4 64. Re4+ Kd5 65. Re1 h3+ 66. Kh1 Be5 67. Re8 e6 68. Re7 Rd3 69. Re8 h2 70. Re7 Bg3 71. Ra1 e5 72. Rg7 Bf4 73. Rg2 Ke4 74. Re2+ Re3 75. Rxe3+ Kxe3 76. Rd1 e4 77. Rf1 d5 78. Rf3+ Kd4 79. Rxf4 Ke3 80. Rf8 d4 81. Kxh2 d3 82. Kg3 Ke2 83. Kf4 d2 84. Rd8 e3 85. Rd7 d1Q 86. Rxd1 Kxd1 87. Kxe3 1/2-1/2

[Event "Bussum op 30th"]
[Site "Bussum"]
[Date "2013.05.19"]
[Round "4"]
[White "Vermeulen, Wesley"]
[Black "De Bruijn, Aad"]
[Result "1-0"]
[WhiteElo "2184"]
[BlackElo "1987"]
[PlyCount "85"]
[EventDate "2013.05.18"]
[EventType "swiss"]
[EventRounds "7"]
[EventCountry "NED"]
[SourceTitle "CBM 154 Extra"]
[Source "ChessBase"]
[SourceDate "2013.06.25"]
[SourceVersion "2"]
[SourceVersionDate "2013.06.25"]
[SourceQuality "1"]

1. e4 e6 2. d4 d5 3. e5 c5 4. c3 Nc6 5. Nf3 Qb6 6. Bd3 Nh6 7. 0-0 cxd4 8. cxd4 Nf5 9. Nc3 Qd8 10. Bxf5 exf5 11. Qb3 Be6 12. Qxb7 Rc8 13. Bg5 Qd7 14. Qxd7+ Kxd7 15. Be3 h6 16. h4 Be7 17. Rfc1 g5 18. hxg5 hxg5 19. Bxg5 Bxg5 20. Nxg5 Nxd4 21. Rd1 Rh4 22. g3 Rg4 23. Nh7 Nf3+ 24. Kg2 Nh4+ 25. Kf1 Ke7 26. Nf6 Rgc4 27. Ncxd5+ Bxd5 28. Nxd5+ Ke6 29. gxh4 Rxh4 30. Nc3 Kxe5 31. Rac1 f4 32. Rd5+ Ke6 33. Re1+ Kf6 34. Kg2 Rch8 35. Ne4+ Ke6 36. Rd2 Rg4+ 37. Kf3 f5 38. Ng3+ Kf6 39. Rd6+ Kg5 40. Nxf5 Rh3+ 41. Ng3 fxg3 42. Re5+ Kh4 43. Rh6# 1-0

[Event "Dieren op"]
[Site "Dieren"]
[Date "2010.07.27"]
[Round "1"]
[White "Vermeulen, Wesley"]
[Black "Haub, Thorsten Michael"]
[Result "0-1"]
[WhiteElo "2173"]
[BlackElo "2518"]
[PlyCount "62"]
[EventDate "2010.07.27"]
[EventType "swiss"]
[EventRounds "9"]
[EventCountry "NED"]
[SourceTitle "CBM 137 Extra"]
[Source "ChessBase"]
[SourceDate "2010.09.01"]
[SourceVersion "1"]
[SourceVersionDate "2010.09.01"]
[SourceQuality "1"]

1. e4 g6 2. d4 Bg7 3. Nf3 d6 4. Be3 a6 5. Qd2 Nd7 6. Nc3 h6 7. g3 b5 8. Bg2 Bb7 9. a3 Ngf6 10. d5 c5 11. dxc6 Bxc6 12. Nd4 Bb7 13. 0-0 Ng4 14. Rad1 0-0 15. h3 Nxe3 16. Qxe3 Nb6 17. b3 Rc8 18. Rd3 Nd7 19. Kh2 e6 20. f4 e5 21. Nde2 exf4 22. gxf4 Nc5 23. Rd2 Re8 24. b4 Ne6 25. e5 Bxg2 26. Kxg2 g5 27. Ne4 gxf4 28. Nxf4 Rc4 29. Nxd6 Nxf4+ 30. Rxf4 Qg5+ 31. Kh1 Rxf4 0-1

[Event "Utrecht OKU op"]
[Site "Utrecht"]
[Date "2009.06.07"]
[Round "5"]
[White "Vermeulen, Wesley"]
[Black "Sprangers, Remco"]
[Result "0-1"]
[WhiteElo "2146"]
[BlackElo "2231"]
[PlyCount "72"]
[EventDate "2009.06.05"]
[EventType "swiss"]
[EventRounds "6"]
[EventCountry "NED"]
[SourceTitle "CBM 130 Extra"]
[Source "ChessBase"]
[SourceDate "2009.07.02"]
[SourceVersion "2"]
[SourceVersionDate "2009.07.15"]
[SourceQuality "1"]

1. e4 c5 2. Nf3 e6 3. d4 cxd4 4. Nxd4 Nc6 5. Be3 Nf6 6. Bd3 d5 7. Nxc6 bxc6 8. e5 Nd7 9. f4 Bc5 10. Bxc5 Nxc5 11. b4 Nxd3+ 12. Qxd3 Qb6 13. c3 a5 14. a3 0-0 15. Nd2 f6 16. Nf3 fxe5 17. fxe5 Rf4 18. Kd2 Re4 19. Rhe1 Ba6 20. Qc2 Rg4 21. Kc1 c5 22. h3 Rc4 23. Ng5 g6 24. bxa5 Qxa5 25. Re3 Rf8 26. Rg3 Rf1+ 27. Kb2 Qb6+ 28. Ka2 Rcf4 29. Rb1 Rxb1 30. Qxb1 Bc4+ 31. Ka1 Rf1 32. Qxf1 Bxf1 33. Rf3 Qa6 34. Nxe6 Qxe6 35. Rxf1 Qxe5 36. Rc1 Qe2 0-1

[Event "Novi Sad U20 op"]
[Site "Novi Sad"]
[Date "2007.08.19"]
[Round "2"]
[White "Vermeulen, Wesley"]
[Black "Kanarek, Marcel"]
[Result "1/2-1/2"]
[WhiteElo "1994"]
[BlackElo "2226"]
[PlyCount "90"]
[EventDate "2007.08.18"]
[EventType "swiss"]
[EventRounds "9"]
[EventCountry "YUG"]
[SourceTitle "CBM 120 Extra"]
[Source "ChessBase"]
[SourceDate "2007.11.01"]
[SourceVersion "1"]
[SourceVersionDate "2007.11.01"]
[SourceQuality "1"]

1. e4 c5 2. Nf3 Nc6 3. d4 cxd4 4. Nxd4 e5 5. Nb5 d6 6. N1c3 a6 7. Na3 b5 8. Nd5 Nge7 9. c4 Nd4 10. cxb5 Nxd5 11. exd5 Be7 12. Be3 Nf5 13. bxa6 0-0 14. Bd3 Qa5+ 15. Qd2 Qxd5 16. 0-0 e4 17. Bc2 Qxd2 18. Bxd2 d5 19. Bb3 Bxa6 20. Rfd1 Bb7 21. Nb5 d4 22. g4 Nh4 23. Nxd4 Bf6 24. Be3 Rfd8 25. Nf5 Nxf5 26. gxf5 Bxb2 27. Rxd8+ Rxd8 28. Rb1 Be5 29. Bxf7+ Kxf7 30. Rxb7+ Kf6 31. a4 Bd4 32. Bxd4+ Rxd4 33. a5 Rd5 34. a6 Rxf5 35. Rb8 Ra5 36. Ra8 Kg6 37. Kg2 Ra2 38. Kg3 Ra3+ 39. Kf4 Rf3+ 40. Kxe4 Rxf2 41. a7 Rf7 42. Kd5 h5 43. Kc5 Kg5 44. Kb6 Rf6+ 45. Kb7 Rf7+ 1/2-1/2

[Event "Utrecht OKU op"]
[Site "Utrecht"]
[Date "2007.06.09"]
[Round "3.9"]
[White "Timman, Ton"]
[Black "Vermeulen, Wesley"]
[Result "0-1"]
[WhiteElo "2214"]
[BlackElo "1902"]
[PlyCount "53"]
[EventDate "2007.06.08"]
[EventType "swiss"]
[EventRounds "6"]
[EventCountry "NED"]
[SourceTitle "CBM 118 Extra"]
[Source "ChessBase"]
[SourceDate "2007.07.04"]
[SourceVersion "1"]
[SourceVersionDate "2007.07.04"]
[SourceQuality "1"]

1. Nf3 Nf6 2. c4 g6 3. Nc3 Bg7 4. e4 e5 5. d4 exd4 6. Nxd4 0-0 7. g3 Nxe4 8. Nxe4 Re8 9. Bg2 f5 10. Ne2 fxe4 11. Qd5+ Kh8 12. Bxe4 c6 13. Qd3 Qe7 14. Bf3 Na6 15. 0-0 d5 16. cxd5 Bf5 17. Qd2 Rad8 18. Nc3 Nb4 19. a3 Nc2 20. Ra2 Nd4 21. Bg2 cxd5 22. b4 Nb3 23. Qb2 Nxc1 24. Rxc1 d4 25. Na4 d3 26. Qd2 Qf7 27. Nc3 0-1

[Event "NED-ch U17"]
[Site "Venlo"]
[Date "2007.05.02"]
[Round "5"]
[White "Ter Schegget, Bram"]
[Black "Vermeulen, Wesley"]
[Result "1-0"]
[WhiteElo "2094"]
[BlackElo "2083"]
[PlyCount "63"]
[EventDate "2007.04.30"]
[EventType "swiss"]
[EventRounds "9"]
[EventCountry "NED"]
[SourceTitle "EXT 2009"]
[Source "ChessBase"]
[SourceDate "2008.11.26"]
[SourceVersion "1"]
[SourceVersionDate "2008.11.26"]
[SourceQuality "1"]

1. e4 c5 2. Nf3 e6 3. d4 cxd4 4. Nxd4 Qb6 5. Nb3 Qc7 6. Bd3 Nf6 7. Nc3 a6 8. a4 Be7 9. 0-0 0-0 10. f4 d5 11. e5 Nfd7 12. Bd2 Nc6 13. Qh5 f5 14. Rf3 g6 15. Rg3 Rf7 16. Qe2 Nc5 17. Nxc5 Bxc5+ 18. Kh1 b6 19. Nd1 Bb7 20. Nf2 Nd4 21. Qf1 Nxc2 22. Bxc2 Bxf2 23. Rc3 Bc5 24. b4 d4 25. Rc4 Bd5 26. Bb3 Bxc4 27. Qxc4 Bf8 28. Qxe6 Rc8 29. h3 Ra8 30. Rc1 Qe7 31. Qxb6 Rd8 32. Rc7 1-0

[Event "Groningen op-A"]
[Site "Groningen"]
[Date "2006.12.29"]
[Round "9"]
[White "Vermeulen, Wesley"]
[Black "Goudriaan, Etienne"]
[Result "0-1"]
[WhiteElo "2043"]
[BlackElo "2065"]
[PlyCount "44"]
[EventDate "2006.12.23"]
[EventType "swiss"]
[EventRounds "9"]
[EventCountry "NED"]
[SourceTitle "CBM 116 Extra"]
[Source "ChessBase"]
[SourceDate "2007.03.07"]
[SourceVersion "1"]
[SourceVersionDate "2007.03.07"]
[SourceQuality "1"]

1. e4 c5 2. a3 e6 3. b4 d5 4. exd5 exd5 5. Bb2 Nf6 6. Bb5+ Nc6 7. Nf3 cxb4 8. 0-0 Bd6 9. Re1+ Be6 10. Nd4 0-0 11. Nxe6 fxe6 12. Rxe6 Ne4 13. Qg4 Qc7 14. Rxd6 Nxd6 15. Bd3 Rae8 16. f3 Rf7 17. Qh4 Qb6+ 18. Kf1 Ne4 19. axb4 Nxb4 20. Bc3 Nxd3 21. cxd3 Qb5 22. h3 Nxc3 0-1

[Event "Groningen op-A"]
[Site "Groningen"]
[Date "2006.12.29"]
[Round "7"]
[White "Vermeulen, Wesley"]
[Black "Van der Plas, Rob"]
[Result "0-1"]
[WhiteElo "2043"]
[BlackElo "2198"]
[PlyCount "92"]
[EventDate "2006.12.23"]
[EventType "swiss"]
[EventRounds "9"]
[EventCountry "NED"]
[SourceTitle "CBM 116 Extra"]
[Source "ChessBase"]
[SourceDate "2007.03.07"]
[SourceVersion "1"]
[SourceVersionDate "2007.03.07"]
[SourceQuality "1"]

1. e4 e6 2. d4 d5 3. e5 c5 4. c3 Bd7 5. Nf3 Nc6 6. Bd3 Rc8 7. a3 cxd4 8. cxd4 Qb6 9. 0-0 Nxd4 10. Nxd4 Qxd4 11. Qe2 Nh6 12. Nc3 a6 13. Be3 Qxe5 14. f4 Qxe3+ 15. Qxe3 Bc5 16. Qxc5 Rxc5 17. Rae1 f6 18. h3 0-0 19. f5 Re8 20. g4 b5 21. Bb1 exf5 22. Nxd5 Kf8 23. Rxe8+ Bxe8 24. Nf4 Bd7 25. gxf5 Nxf5 26. Nd3 Rc8 27. Nb4 Ne3 28. Re1 Nc4 29. Nxa6 Bxh3 30. Bxh7 f5 31. Kh2 Bg4 32. Bg6 Nd2 33. Kg3 Ne4+ 34. Kf4 Rc6 35. Bxf5 Bxf5 36. Nb4 Rf6 37. Rxe4 Bxe4+ 38. Kxe4 g5 39. Nd5 Rf2 40. b4 g4 41. Nc3 g3 42. Ke3 Rf7 43. Ne2 g2 44. Kd4 Rf2 45. Ng1 Rf1 46. Nh3 Rh1 0-1

[Event "Groningen op-A"]
[Site "Groningen"]
[Date "2006.12.28"]
[Round "6"]
[White "Pouw, Marcel Andre"]
[Black "Vermeulen, Wesley"]
[Result "0-1"]
[WhiteElo "1832"]
[BlackElo "2043"]
[PlyCount "74"]
[EventDate "2006.12.23"]
[EventType "swiss"]
[EventRounds "9"]
[EventCountry "NED"]
[SourceTitle "CBM 116 Extra"]
[Source "ChessBase"]
[SourceDate "2007.03.07"]
[SourceVersion "1"]
[SourceVersionDate "2007.03.07"]
[SourceQuality "1"]

1. d4 Nf6 2. Nc3 d5 3. Bg5 e6 4. e4 dxe4 5. Nxe4 Nbd7 6. Bd3 Be7 7. Bxf6 Nxf6 8. Nf3 Nxe4 9. Bxe4 c5 10. dxc5 Qa5+ 11. c3 Qxc5 12. Qd4 Qxd4 13. Nxd4 0-0 14. 0-0 f5 15. Bc2 e5 16. Bb3+ Kh8 17. Ne6 Bxe6 18. Bxe6 Bc5 19. b4 Bb6 20. Bd5 Rac8 21. Rac1 e4 22. Rc2 Rc7 23. c4 a5 24. a3 Rd8 25. Rd1 g5 26. Re2 axb4 27. Rb1 bxa3 28. Rxb6 Rxd5 29. g4 Rd1+ 30. Kg2 f4 31. Ra2 f3+ 32. Kg3 Rg1+ 33. Kh3 h5 34. Rh6+ Rh7 35. Rxh7+ Kxh7 36. gxh5 e3 37. fxe3 Kh6 0-1

[Event "Haarlem Nova College op"]
[Site "Haarlem"]
[Date "2006.07.09"]
[Round "5"]
[White "Colijn, Stefan"]
[Black "Vermeulen, Wesley"]
[Result "1-0"]
[WhiteElo "2045"]
[BlackElo "1773"]
[PlyCount "51"]
[EventDate "2006.07.07"]
[EventType "swiss"]
[EventRounds "6"]
[EventCountry "NED"]
[SourceTitle "CBM 113 Extra"]
[Source "ChessBase"]
[SourceDate "2006.09.14"]
[SourceVersion "1"]
[SourceVersionDate "2006.09.14"]
[SourceQuality "1"]

1. e4 e6 2. d4 d5 3. Nc3 Bb4 4. e5 c5 5. a3 Bxc3+ 6. bxc3 Ne7 7. h4 0-0 8. h5 f6 9. Nf3 cxd4 10. cxd4 fxe5 11. dxe5 Qc7 12. h6 g6 13. Bg5 Nbc6 14. Bf6 d4 15. Bd3 Nd5 16. Bg7 Rf7 17. g3 Bd7 18. c4 Nc3 19. Qc2 Rxg7 20. hxg7 Kxg7 21. Qd2 Be8 22. Qf4 Qe7 23. Ng5 h6 24. Ne4 h5 25. Nf6 Bf7 26. Rxh5 1-0

[Event "Hengelo U14 op"]
[Site "Hengelo"]
[Date "2005.08.10"]
[Round "5"]
[White "Vermeulen, Wesley"]
[Black "Schippers, Maurice"]
[Result "1/2-1/2"]
[WhiteElo "1730"]
[BlackElo "1917"]
[PlyCount "79"]
[EventDate "2005.08.??"]
[EventType "swiss"]
[EventRounds "9"]
[EventCountry "NED"]
[SourceTitle "CBM 107 Extra"]
[Source "ChessBase"]
[SourceDate "2005.09.01"]
[SourceVersion "1"]
[SourceVersionDate "2005.09.01"]
[SourceQuality "1"]

1. e4 e5 2. Nf3 Nf6 3. Nc3 Nc6 4. d4 exd4 5. Nxd4 Bb4 6. Nxc6 bxc6 7. Bd3 d5 8. exd5 cxd5 9. 0-0 0-0 10. Bg5 Bxc3 11. bxc3 Qd6 12. h3 Bb7 13. Rb1 Rab8 14. Qf3 Ne4 15. Bxe4 dxe4 16. Qe3 Bd5 17. Rxb8 Rxb8 18. Qxa7 Ra8 19. Qd4 h6 20. Bf4 Qc6 21. Rd1 Be6 22. Re1 Rxa2 23. Qd8+ Kh7 24. Qxc7 Qa4 25. Qe5 Rxc2 26. Qxe4+ Qxe4 27. Rxe4 Rxc3 28. Re1 Rc2 29. Be3 Kg6 30. Rc1 Ra2 31. Kh2 Kf5 32. Kg3 g5 33. h4 Ra4 34. Rc5+ Kg6 35. hxg5 Rg4+ 36. Kh2 hxg5 37. f3 Rh4+ 38. Kg1 f6 39. Rc6 Bd5 40. Rd6 1/2-1/2